| 000 | 00639nim a2200217 i 4500 | ||
|---|---|---|---|
| 001 | bgj | ||
| 100 | 1 | _aOXENDEN, Clive | |
| 245 | 1 | 0 |
_aNew English File : _belementary / _cClive Oxenden ; Christina Latham-Koenig ; Paul Seligson. |
| 260 |
_aOxford : _bOxford University Press, _cc. 2004. |
||
| 300 | _aset of 3 CDs. | ||
| 650 | 9 | _aEnglish language | |
| 655 | _aTextbooks for foreigners | ||
| 700 | 1 |
_aLATHAM-KOENIG, Christina. _eco-author |
|
| 700 | 1 |
_aSELIGSON, Paul. _eco-author |
|
| 020 | _a0194384306 | ||
| 040 | _cBPK | ||
| 041 | 0 | _aeng | |
| 920 | _a0-19-438430-6 | ||
| 942 | _cCD | ||
| 008 | s uk f |000 0 eng | ||
| 999 |
_c41211 _d41211 |
||
| 856 |
_uhttp://koha.tu.koszalin.pl/cgi-bin/koha/opac-detail.pl?biblionumber=41211 _yKatalog online BPK |
||